Ponni (Record no. 30166)

MARC details
000 -LEADER
fixed length control field 00414nam a2200145Ia 4500
008 - FIXED-LENGTH DATA ELEMENTS--GENERAL INFORMATION
fixed length control field 211109s9999||||xx |||||||||||||| ||und||
082 ## - DEWEY DECIMAL CLASSIFICATION NUMBER
Classification number 894.8123
Item number RAM-P
100 ## - MAIN ENTRY--PERSONAL NAME
Personal name Ramakrishnan, Malayattor
245 #0 - TITLE STATEMENT
Title Ponni
260 ## - PUBLICATION, DISTRIBUTION, ETC.
Name of publisher, distributor, etc. NBC
Place of publication, distribution, etc. Kottayam
Date of publication, distribution, etc. 1966
300 ## - PHYSICAL DESCRIPTION
Extent 317
630 ## - SUBJECT ADDED ENTRY--UNIFORM TITLE
General subdivision General Stack
650 ## - SUBJECT ADDED ENTRY--TOPICAL TERM
Topical term or geographic name entry element Malayalam Literature
942 ## - ADDED ENTRY ELEMENTS (KOHA)
Koha item type BOOK
650 ## - SUBJECT ADDED ENTRY--TOPICAL TERM
Form subdivision Malayalam FictionMalayalam NovelMalayalam Shot Stories
General subdivision Malayalam
Holdings
Withdrawn status Lost status Damaged status Not for loan Home library Current library Date acquired Cost, normal purchase price Total Checkouts Full call number Barcode Shelving location Date last seen Price effective from Koha item type
        SB LIBRARY SB LIBRARY 09/11/2021 5.00   894.8123 RAM-P 00031058 GENERAL STACK 09/11/2021 09/11/2021 BOOK

Powered by Koha